[Event "NOR-chB"]
[Site "Oslo"]
[Date "2023.07.06"]
[Round "7"]
[White "Wernberg, Nikolai Olsen"]
[Black "Morad, Hassen M"]
[Result "1-0"]
[WhiteElo "1685"]
[BlackElo "1862"]
[PlyCount "101"]
[EventDate "2023.06.30"]
[EventType "swiss"]
[EventRounds "9"]
[EventCountry "NOR"]
[SourceTitle "EXT 2024"]
[Source "ChessBase"]
[SourceDate "2023.10.10"]
[SourceVersion "1"]
[SourceVersionDate "2023.10.10"]
[SourceQuality "1"]

1. Nf3 g6 2. g3 Bg7 3. d4 Nf6 4. Bg2 0-0 5. 0-0 d6 6. c4 Nc6 7. Nc3 e5 8. d5 Nb8 9. e4 a5 10. h3 Na6 11. Be3 Nc5 12. Bxc5 dxc5 13. Re1 Ne8 14. a3 Nd6 15. Nd2 f5 16. Rb1 f4 17. Qe2 a4 18. Kh2 Bd7 19. b4 axb3 20. Rxb3 b6 21. Nb5 Nxb5 22. cxb5 Qe8 23. Reb1 Rf6 24. Nc4 Bf8 25. Qb2 Bd6 26. g4 g5 27. Bf3 Qe7 28. Ra1 Ra4 29. Rc3 Rf8 30. Bd1 Ra7 31. a4 Rfa8 32. Rca3 Qe8 33. Be2 h6 34. Qc3 Rb7 35. Rb3 Rba7 36. a5 bxa5 37. b6 Rb7 38. bxc7 Rxb3 39. Qxb3 Bxc7 40. d6 Rb8 41. Qa2 Bd8 42. Nxe5+ Kg7 43. Nxd7 Qxd7 44. e5 Rb4 45. Qd5 Rd4 46. Qxc5 Rd2 47. Qc3 Rd5 48. e6+ Bf6 49. exd7 Rxd6 50. Qc7 Be5 51. d8Q+ 1-0